000 00561nam a2200181Ia 4500
003 GCL
008 140319s9999 xx 000 0 ara d
040 _aGCL /
_cGCL
082 0 4 _a637
_bا م
100 1 _aابراهيم حسين ابو لحية
245 1 0 _aمنتجات الحليب الدهنية والمثلجات القشدية /
_cابراهيم حسين ابو لحية
700 1 _aحمزة محمد ابو طربوش
300 _a308 ص
490 _a
650 0 4 _aالزراعة
650 0 4 _aمنتجات الالبان
942 _2ddc
_cBK
999 _c41810
_d41810